00299nam a2200121Ia 450000500170000000800410001708200140005810000150007224500170008726000400010430000130014450000200015720250425031654.0240331s9999 xx 000 0 und d bJAYa891  aJayakody,J 0aRan dahadiya aBalangodabTharaka Publishersc1998 a168 p ., aA Sinhala Novel